Plus Grandes Villes Norvège - Statistiques

Statistiques générales
  • Ce quiz a été pris 215 fois
  • Le résultat moyen est 5 sur 12
Statistiques - réponses
Ville
population
(en milliers)
% Correct
Oslo 560
100%
Bergen 252
93%
Trondheim 165
78%
Tromso 65
71%
Stavanger 119
64%
Kristiansand 78
40%
Drammen 60
30%
Fredrikstad 71
20%
Skien 50
15%
Sandnes 62
14%
Sandvika 108
12%
Sarpsborg 51
10%
Aucun quiz correspondant
Distribution des résultats
% des personnes avec chaque résultat
Percentile par nombre de réponses
Votre historique - résultats
Vous n’avez pas pris ce quiz